Statistics for European countries biggest to smallest with a map

Click here to take the quiz!

General Stats

  • This quiz has been taken 45 times
  • The average score is 39 of 45

Answers on the Map

Answers color-coded by a green-red scale on the quiz's map according to % correct below.
 

Answer Stats

AnswerArea (m2)% Correct
Russia3.969.100
100%
France551.695
98%
Norway385.178
98%
Spain498.511
98%
Sweden450.295
98%
Ukraine603.628
98%
Belarus207.600
95%
Finland338.145
95%
Germany357.386
95%
Greece131.940
95%
Italy301.338
95%
Poland312.685
95%
Romania238.397
95%
United Kingdom242.495
95%
Bulgaria110.994
93%
Austria83.858
88%
Czech Republic78.866
88%
Hungary93.030
88%
Ireland70.273
88%
Portugal91.568
88%
Serbia77.453
88%
Iceland102.775
85%
Latvia64.589
85%
Lithuania65.300
85%
Monaco2
85%
Slovakia49.036
85%
Vatican City0,44
85%
Andorra468
83%
Bosnia and Herzegovina51.129
83%
Croatia56.594
83%
Denmark44.493
83%
Estonia45.339
83%
Liechtenstein160
83%
Malta316
83%
San Marino61
83%
Albania28.748
80%
Belgium30.510
80%
Kosovo10.887
80%
Luxembourg2.586
80%
Moldova33.846
80%
Montenegro13.812
80%
Netherlands41.198
80%
North Macedonia25.713
80%
Slovenia20.273
80%
Switzerland41.290
80%

Score Distribution

Percentile by Number Answered

Percent of People with Each Score

Your Score History

You have not taken this quiz